| 000 | 00775cam a22002535a 4500 | ||
|---|---|---|---|
| 001 | 17210068 | ||
| 005 | 20161123182324.0 | ||
| 008 | 120314t2012 maua frb 001 0 eng d | ||
| 020 | _a9780124160446 | ||
| 040 |
_aDLC _cDLC _dDLC _dEG-ScBUE _beng |
||
| 082 | 0 | 4 |
_a005.73 _222 _bDOA |
| 100 | 1 | _aDoan, AnHai. | |
| 245 | 1 | 0 |
_aPrinciples of data integration / _cAnHai Doan, Alon Halevy, Zachary Ives. |
| 260 |
_aWaltham : _bMorgan Kaufmann / Elsevier, _cc.2012. |
||
| 300 |
_axviii, 497 p. : _bill. ; _c25 cm. |
||
| 500 | _aIndex : p. 487-497. | ||
| 504 | _aBibliography : p. 459-485. | ||
| 650 | 7 |
_aData integration (Computer science) _2BUEsh |
|
| 651 | _2BUEsh | ||
| 653 |
_bCOMSCI _cNovember2016 |
||
| 700 | 1 | _aHalevy, Alon. | |
| 700 | 1 | _aIves, Zachary G. | |
| 942 | _2ddc | ||
| 999 |
_c23300 _d23272 |
||